Chorus Jumble #5 - Statistics

General Stats
  • This quiz has been taken 38 times
  • The average score is 15 of 43
Answer Stats
Hint Answer % Correct
4 Friends
77%
3 Got
73%
5 In
73%
6 Low
73%
7 Places
73%
2 I've
69%
10 Whiskey
62%
12 And
50%
1 Cause
50%
11 Drowns
50%
9 The
50%
8 Where
50%
18 Away
38%
17 Blues
38%
15 Chases
38%
13 The
38%
14 Beer
31%
16 The
31%
21 Be
27%
20 I'll
27%
22 Okay
27%
34 To
27%
25 Big
23%
40 Friends
23%
28 Graces
23%
41 In
23%
42 Low
23%
43 Places
23%
19 And
19%
33 Down
19%
39 Got
19%
30 I'll
19%
38 I've
19%
24 Not
19%
36 Oasis
19%
26 On
19%
32 On
19%
31 Slip
19%
27 Social
19%
35 The
19%
29 Think
19%
37 Oh
15%
23 I'm
12%
No matching quizzes found
Score Distribution
Percent of People with Each Score
Percentile by Number Answered
Your Score History
You have not taken this quiz